01562nam a22002657a 4500003000900000005001700009007000300026008004100029040002500070082001300095100005200108245008400160260003700244300001800281505052600299590002700825700007400852700005900926700007600985700008001061910001401141942001401155952011001169999001701279DO-SdBNP20240305103442.0ta110714s19uu dr 000 spa d aDO-SdBNPbspacBNPHU axxxbxxx 923565aContín Aybar, Pedro René,d1907-198110aIn memoriam :bTomas Hernández Franco /cPedro Rene Contin y Aybar, [et. al]  aCiudad Trujillo,b[s.d]c[19--]. a70 p.c22 cm.0 tIn memorian --rPedro Rene Contin y Aybar /tItinerario de América --rVirgilio Ferrer Gutiérrez /tLaurel de luto --rTrigueros de León /tTomás Hernández Franco --rR. Emilio Jiménez /tY en el amor una sombra --rHéctor Inchaustegui Cabral /tPoemas póstumos --tOración para el próximo dolor --tPuedo jurar ahora --tCanción de amor en muerte para el hijo --tInventar la palabra mansa --tEn esta alta cuesta de la noche --tLa posie a la Republique Dominicaine --rTomas Hernández Franco / aInventariado, 2022/ YL 2938745aFerrer Gutiérrez, Virgilio,d1907-tItinerario de América  2aLeón, Trigueros ded1917-1965tLaurel de luto982442 296521aJiménez, Ramón Emilio,d1886-1970tTomás Hernández Franco12aIncháustegui Cabral, Héctor,d1912-1979tY en le amor una sombra921024 aYLockward 2ddccLBS1 00102ddc51708PD-RVaBNPHUbBNPHUcCTd2022-09-27l0oxxx xxxp2022-4093r2022-09-27w2022-09-27yLBS1 c31778d31778